| 000 | 00529nam a2200193Ia 4500 | ||
|---|---|---|---|
| 003 | OSt | ||
| 005 | 20230608161153.0 | ||
| 008 | 210423s2005 xx 000 0 und d | ||
| 040 | _cAL | ||
| 082 |
_a307.1772 SONI _223 |
||
| 100 |
_aSONI (Jasprit Kaur) _9122874 |
||
| 245 | _aIntrospection of tribal development | ||
| 260 |
_aNew Delhi _bSonali Publications _c2005 |
||
| 365 |
_b500 _cINR |
||
| 650 |
_aCommunities _9122875 |
||
| 650 |
_aSociology _9122876 |
||
| 906 | _adevelopment ; Introspection ; tribal | ||
| 942 |
_2ddc _cBK |
||
| 999 |
_c174092 _d174092 |
||